000
00338nam a2200145Ia 4500
008
150201s2005 xx 000 0 und d
082
_a
618.92
_b
P05C
100
_a
CHAKRABARTI, K.
245
_a
PEDIATRIC NEUROLOGY
250
_a
1ST
260
_b
JAYPEE BROTHERS
_a
DELHI
_c
2005
300
_a
1-360
650
_a
PAEDIATRICS
942
_2
ddc
_c
BK
999
_c
49
_d
49